000 00786nam a2200253 i 4500
005 20260414170539.0
008 260414t20252025my a gr 000 fdmay d
020 _a9786299888673
_cRM40.00
_qpaperback
040 _aPPAK
_beng
_cPPAK
_erda
082 0 4 _a899.2333
_223
090 0 0 _a899.2333
_bDEE
_dG
100 0 _aDeelion,
_eauthor.
245 1 0 _aMemandam Cahaya /
_cDEELION ; Penyunting: Ainul Tajul
264 1 _aSkudai, Johor :
_bInk Loaf Publication,
_c2025
264 4 _c©2025
300 _a393 pages :
_billustrations ;
_c21 cm
336 _atext
_2rdacontent
337 _aunmediated
_2rdamedia
338 _avolume
_2rdacarrier
650 1 0 _aMalay fiction
650 2 4 _aMalaysian fiction (Malay)
700 0 _aAinul Tajul,
_eeditor.
942 _2ddc
_cB
999 _c203853
_d203853